000
00408nam a2200121Ia 4500
008
151213s9999 xx 000 0 und d
245
_a
নয়ন চারা সৈয়দ ওয়ালিউল্লাহ।
260
_a
ঢাকা
_b
নওরোজ বিতাবিস্তান।
_c
1985
300
_a
8522 p.
650
_a
Bengali Literature
650
_a
Bengali Literature
999
_c
4359
_d
4359